[Event "45th Olympiad 2024"]
[Site "Budapest HUN"]
[Date "2024.09.14"]
[Round "4.75"]
[Board "4"]
[White "Daniel, Cyrus"]
[Black "Van Delden, Johan"]
[Result "1-0"]
[WhiteElo "1759"]
[BlackElo "1909"]
[PlyCount "68"]
[EventDate "2024.09.11"]
[WhiteTeam "Saint Lucia"]
[BlackTeam "Netherlands Antilles"]
[BlackTeamCountry "AHO"]

1. e4 {ChessBase II} e5 2. Nf3 Nc6 3. Bc4 Nf6 4. d3 Bc5 5. O-O d6 6. c3 O-O 7. Bg5 h6 8. Bh4 Bb6 ({RR} 8... Re8 9. Nbd2 Be6 10. Re1 a6 11. a4 Ba7 12. b4 Nb8 13. d4 Nbd7 14. d5 Bg4 15. h3 Bh5 16. g4 Bg6 17. Bg3 Nf8 18. Nh4 Bh7 19. Nf5 Ng6 20. Qf3 Nd7 21. h4 Nf4 22. Bxf4 exf4 23. Qxf4) 9. Nbd2 ({RR} 9. a4 a6 10. Nbd2 Kh8 ({RR} 10... Qe7 11. Re1 Be6 12. Bxe6 fxe6 13. Nc4 Ba7 14. Qb3 g5 15. Bg3 Nh5 16. Ne3 Rab8 17. Rad1 Kh7 18. Qc2 Qg7 19. b4 b5 20. axb5 axb5 21. Ra1 Bb6 22. Reb1 Nf4 23. Qd1 Rf7 24. c4 Nd4 25. Nxd4) 11. b4 g5 12. Bg3 Nh7 13. a5 Ba7 14. b5 axb5 15. Bxb5 Ne7 16. d4 exd4 ({RR} 16... f6) 17. Nxd4 f5 18. f3 f4 19. Bf2 Ng6 20. a6 bxa6 21. Bxa6 Ne5 ({RR} 21... Bxa6 22. Rxa6) 22. Qe2 Nf6 23. Kh1 Kh7 {1-0 Bauer,C (2620)-Feller,S (2602) FRA-ch 91st Agen 2016 (3)} ({RR} 23... Bb6)) 9... a6 ({RR} 9... Nb8 10. Bb3 Nbd7 11. Nc4 Qe8 12. Bc2 Nh7 13. d4 f5 14. dxe5 fxe4 15. Bxe4 Nxe5 16. Ncxe5 dxe5 17. Qd5+ Kh8 18. Qxe5 Qf7 19. Qg3 Bf5 20. Ne5 Qh5 21. Bxf5 Rxf5 22. Ng6+ Kg8 23. Ne7+ Kf7 24. Nxf5 {1-0 Rasulov,V (2544)-Dubnevych,M (2340) Titled Tue 21st Nov Early 2023 (1)}) 10. Bb3 g5 $146 ({RR} 10... Na5 11. Bc2 c5 12. Nc4 Bc7 13. Ne3 Nc6 14. Nd2 g5 15. Bg3 Ne7 16. Qf3 Kg7 17. a4 Be6 18. h3 b6 19. Rfd1 d5 20. Ndf1 d4 21. Nf5+ Nxf5 22. exf5 Bd5 23. Qe2 Re8 24. h4 Qd7 25. Nd2 {0-1 Yudasina,I (2250)-Dragovic,M (2335) Novi Sad op 1989 (2)}) ({RR} 10... Be6 11. Re1 Re8 12. Nf1 Qe7 13. Bd5 Nd8 14. d4 c6 15. Bxe6 Qxe6 16. Ne3 Nxe4 17. d5 Qg6 18. c4 Bc7 19. Rc1 Nc5 20. Re2 Nd3 21. Rc3 e4 22. Rd2 Ba5 23. Rdxd3 Bxc3 24. Rxc3 exf3 25. Qxf3 {0-1 Samarin,M (1618)-Wall,H (1925) Niedersachsen-ch U16 2006 (1)}) ({RR} 10... Be6 11. Bc2 Kh8 12. Re1 g5 13. Bg3 Qd7 14. Ba4 Bg4 15. Nf1 Nh5 16. h3 Bxf3 17. Qxf3 Nf4 18. d4 Qd8 19. Rad1 Qf6 20. Bxc6 bxc6 21. dxe5 dxe5 22. Kh2 h5 23. Ne3 Rg8 24. Kh1 g4 25. hxg4 {1-0 Langer,M (2261)-Chiang,M (1982) North American op 20th 2010 (6)}) 11. Bg3 Ba7 12. Re1 Be6 13. Nf1 Bxb3 14. Qxb3 Qd7 15. Ne3 Ne7 16. Rad1 Qb5 17. Qc2 Nh5 18. d4 Nxg3 19. hxg3 f6 20. a4 Qb6 21. g4 Kg7 22. Nh2 exd4 23. cxd4 Qc6 24. Qb3 Qd7 25. Nhf1 Nc6 26. Nf5+ Kh7 27. Qh3 Kg8 28. Nxh6+ Kg7 29. Nf5+ Kg8 30. Qb3+ Kh8 31. Re3 Rf7 32. Rh3+ Rh7 33. Rxh7+ Kxh7 34. Rd3 Kg6 1-0

[Event "45th Olympiad 2024"]
[Site "Budapest HUN"]
[Date "2024.09.14"]
[Round "4.76"]
[Board "4"]
[White "Zuniga Garcia, German"]
[Black "Al-Kuwari, Turki"]
[Result "1-0"]
[WhiteElo "1877"]
[BlackElo "1577"]
[PlyCount "86"]
[EventDate "2024.09.11"]
[WhiteTeam "Honduras"]
[BlackTeam "Qatar"]
[WhiteTeamCountry "HON"]
[BlackTeamCountry "QAT"]

1. e4 c5 2. Nf3 g6 3. c4 Bg7 4. Nc3 Nc6 5. g3 d6 6. Bg2 ({RR} 6. h3 Nf6 7. d3 O-O 8. Bg2 Ne8 9. Be3 Nc7 10. d4 cxd4 11. Nxd4 Ne6 12. Nde2 Ne5 13. b3 Qa5 14. Rc1 Bd7 15. O-O Bc6 16. f4 Nd7 17. Qd2 Qd8 18. b4 b6 19. Nd5 a5 20. a3 Nc7 {1-0 Srihari,L (2491)-Szczepanek,R (2205) Titled Tue 14th May Early 2024 (1)}) 6... Nf6 ({RR} 6... Bg4 7. h3 Bxf3 8. Bxf3 e6 9. d3 Nge7 10. Bg2 O-O 11. O-O a6 12. Rb1 b5 13. a3 Rb8 14. cxb5 axb5 15. Ne2 c4 16. dxc4 bxc4 17. b4 d5 18. exd5 exd5 19. b5 Ne5 20. Bg5 Nd3 21. Nf4 {1-0 Gubajdullin,A (2331)-Martinez Alcantara,J (2598) Titled Tuesday intern op 19th Apr Early blitz 2022 (6)}) 7. O-O O-O 8. h3 $146 ({RR} 8. Rb1 Ne8 9. a3 a5 10. d3 Nc7 11. Be3 Ne6 12. Qc2 Bd7 13. b3 Ned4 14. Bxd4 Nxd4 15. Nxd4 Bxd4 16. Ne2 Bg7 17. Qd2 b5 18. f4 a4 19. cxb5 Bxb5 20. Nc3 Qa5 21. b4 cxb4 22. Nxb5 Qxb5 {0-1 Galitskiy,F (1916)-Vastrukhin,O (2384) Tuapse Amaks Resort op 2021 (1)}) ({RR} 8. Re1 Be6 9. d3 Qd7 10. Ng5 Bg4 11. f3 Bh5 12. g4 Bxg4 13. fxg4 Nxg4 14. Bh3 Bd4+ 15. Kg2 Nce5 16. Nf3 f5 17. Nb5 Nf2 18. Nxe5 dxe5 19. Qe2 Nxh3 20. Nxd4 exd4 21. e5 f4 22. e6 f3+ {0-1 Undeutsch,B-Mohr,J Hessen-ch U17/20 Girls 1997 (2)}) ({RR} 8. a3 Bd7 9. Re1 Ne8 10. d3 Rb8 11. Bf4 e5 12. Bg5 f6 13. Be3 Nd4 14. Nd5 b5 15. Bxd4 exd4 16. b3 Nc7 17. Qd2 {½-½ Gerks,J-Baer,H Schleswig Holstein-ch cand-B 50th 1995 (3)}) 8... e5 9. d3 h6 10. a3 Be6 11. Rb1 Nd4 12. b4 b6 13. Nh4 g5 14. Nf5 Rc8 15. Nxg7 Kxg7 16. f4 Nh7 17. fxg5 hxg5 18. b5 f6 19. Ne2 Nxe2+ 20. Qxe2 Qd7 21. g4 Rh8 22. Qf3 Qe7 23. Rb2 Rcf8 24. a4 Ra8 25. Rbf2 Rhf8 26. Qe3 Rf7 27. h4 Raf8 28. Bf3 Qd7 29. Rg2 Kg8 30. Kf2 Rg7 31. Rh1 Kf7 32. Ke1 Ke8 33. Qf2 Kd8 34. a5 Rgg8 35. Qa2 gxh4 36. axb6 axb6 37. Rxh4 Ng5 38. Bd1 Rf7 39. Qa1 Rh7 40. Bxg5 fxg5 41. Qa8+ Kc7 42. Qa7+ Kc8 43. Rxh7 Qxa7 1-0

[Event "45th Olympiad 2024"]
[Site "Budapest HUN"]
[Date "2024.09.14"]
[Round "4.77"]
[Board "1"]
[White "Haidary, Hameedullah"]
[Black "Fancy, Stuart"]
[Result "0-1"]
[WhiteElo "2192"]
[BlackElo "1921"]
[PlyCount "152"]
[EventDate "2024.09.11"]
[WhiteTeam "Afghanistan"]
[BlackTeam "Papua New Guinea"]
[WhiteTeamCountry "AFG"]
[BlackTeamCountry "PNG"]

1. e4 c5 2. Nf3 e6 3. c3 Nf6 4. e5 Nd5 5. d4 cxd4 6. cxd4 d6 7. Bb5+ Bd7 8. Bxd7+ Nxd7 9. O-O dxe5 10. dxe5 Be7 11. Nbd2 O-O ({RR} 11... Qc7 12. Qe2 O-O 13. Nb3 Rac8 14. Nbd4 Qc4 15. Qxc4 Rxc4 16. b3 Rc7 17. Bb2 Rfc8 18. Rfd1 a6 19. Kf1 g6 20. Rac1 Rxc1 21. Rxc1 Rxc1+ 22. Bxc1 Nb4 23. Ba3 Nb6 24. Nc2 N6d5 25. Nxb4 Bxb4 26. Bxb4 {0-1 Aung Aung,A (2595)-Ye,J (2616) Sufe Cup Shanghai 2000 (8)}) 12. Ne4 Nc5 ({RR} 12... Qc7 13. Qd4 Rfc8 14. Bg5 Bf8 15. Rfe1 Qc4 16. Qd1 Qc2 17. Re2 Qxd1+ 18. Rxd1 h6 19. Be3 N7b6 20. Bxb6 axb6 21. a3 b5 22. Nd6 Bxd6 23. exd6 Rd8 24. Nd4 Rxd6 25. Nxb5 Rb6 26. Nd4 Rc8 27. g3 {1-0 Visakh,N (2538)-Salgado Lopez,O (2115) Titled Tue 21st Mar Late 2023 (6)}) 13. Qe2 $146 ({RR} 13. Qd4 Rc8 14. Be3 Nxe3 15. Qxe3 Nxe4 16. Qxe4 Qb6 17. b3 Rfd8 18. Qe2 Rd5 19. Rfd1 Rcd8 20. Nd2 Qd4 21. Qe3 Qxe3 {0-1 Uusitalo,R-Manninen,A (2071) Kajaani We KaSY 2012 (1)}) 13... h6 14. Bd2 Qb6 15. b3 Rfd8 16. Rac1 a5 17. Rc4 Rac8 18. Rfc1 Qa6 19. Qf1 b6 20. Nxc5 Bxc5 21. h3 Nb4 22. a3 Nd3 23. R4c3 Rc7 24. Kh2 Rcd7 25. Ra1 Qb7 26. Be1 Qb8 27. Ra2 Nxe5 28. Nxe5 Qxe5+ 29. f4 Qf6 30. Qf3 Rd1 31. Bf2 Rf1 32. Rxc5 bxc5 33. Bh4 Rxf3 34. Bxf6 gxf6 35. gxf3 Rd3 36. Kg3 Rxb3 37. Rc2 Rxa3 38. Rxc5 a4 39. Rc8+ Kg7 40. f5 Ra1 41. Ra8 a3 42. h4 a2 43. Kg2 exf5 44. h5 f4 45. Kh2 f5 46. Ra6 Kf8 47. Kg2 Ke8 48. Kh2 Kd7 49. Kg2 Kc7 50. Kh2 Kb7 51. Ra3 Kc6 52. Kg2 Kd5 53. Ra8 Ke5 54. Ra6 Re1 55. Rxa2 Kf6 56. Ra8 Re2+ 57. Kg1 Kg5 58. Rg8+ Kxh5 59. Rg7 f6 60. Rg8 Kh4 61. Rg7 h5 62. Rg8 Kh3 63. Rg6 h4 64. Rg8 Rb2 65. Rg7 Rb3 66. Kf2 Rb8 67. Rg6 Rb2+ 68. Kg1 Rb1+ 69. Kf2 Kh2 70. Rg2+ Kh1 71. Rg8 h3 72. Rg7 Rb2+ 73. Kf1 Rg2 74. Rf7 Kh2 75. Rxf6 Kg3 76. Rh6 h2 0-1

[Event "45th Olympiad 2024"]
[Site "Budapest HUN"]
[Date "2024.09.14"]
[Round "4.78"]
[Board "1"]
[White "Kudakwashe Chinake"]
[Black "Paiva, Donaldo"]
[Result "0-1"]
[WhiteElo "1859"]
[BlackElo "2139"]
[PlyCount "66"]
[EventDate "2024.09.11"]
[WhiteTeam "Cayman Islands"]
[BlackTeam "Mozambique"]
[WhiteTeamCountry "CAY"]
[BlackTeamCountry "MOZ"]

1. d4 Nf6 2. Nc3 d5 3. Bf4 a6 4. e3 e6 5. Nf3 Bb4 6. Bd3 c5 7. dxc5 ({RR} 7. O-O Bxc3 8. bxc3 c4 9. Be2 Ne4 10. Qe1 O-O 11. a4 Nc6 12. h3 f6 13. Bh2 Bd7 14. Ra3 Qe7 15. Qa1 Be8 16. Qb2 Bh5 17. Rb1 Rac8 18. Raa1 b5 19. axb5 axb5 20. Ra6 Qb7 21. Ra3 Ra8 {0-1 Bortnyk,O (2604)-Nakamura,H (2750) Titled Tuesday intern op 26th Apr Early blitz 2022 (10)}) 7... Bxc5 8. O-O Nc6 9. h3 $146 ({RR} 9. e4 d4 10. e5 dxc3 11. exf6 gxf6 12. bxc3 h5 13. Qe2 e5 14. Nxe5 fxe5 15. Bxe5 Bg4 16. Qe1 O-O 17. Qe4 f5 18. Qc4+ Kh7 19. Qxc5 Nxe5 20. Qxe5 h4 21. h3 Bh5 22. Bxf5+ Bg6 23. Bxg6+ Kxg6 {1-0 Taher,Y (2445)-Karttunen,M (2485) Titled Tue 13th Feb Early 2024 (2)}) ({RR} 9. e4 dxe4 10. Nxe4 Be7 11. Qe2 h6 12. c3 Nxe4 13. Bxe4 Bd7 14. Rad1 Qa5 15. Bb1 Rd8 16. b4 Qa3 17. Qc2 Rc8 18. Rxd7 Kxd7 19. Bc1 {1-0 Michelakos,P (2295)-Blanco Diez,D (2298) Titled Tue 12th Sep Late 2023 (2)}) ({RR} 9. e4 Nb4 10. e5 Nxd3 11. Qxd3 Nd7 12. Rfe1 Be7 13. Nd4 O-O 14. Nce2 Nc5 15. Qe3 Ne4 16. c3 Bd7 17. f3 Nc5 18. Ng3 g5 19. Nh5 gxf4 20. Qxf4 Bg5 21. Nf6+ Qxf6 22. exf6 Bxf4 23. h4 Bg3 {0-1 Buksa,N (2419)-Maly,A (2371) Titled Tuesday intern op 23rd Feb blitz 2021 (8)}) 9... Qe7 10. Ne5 O-O 11. e4 d4 12. Na4 Nxe5 13. Bxe5 Ba7 14. b3 Nd7 15. Bg3 b5 16. Nb2 Qa3 17. Qc1 Bb7 18. f4 Nc5 19. e5 Rac8 20. Bf2 Rc7 21. Qb1 Rfc8 22. Nd1 Nxd3 23. cxd3 Rc2 24. Re1 Rd2 25. Kf1 Rcc2 26. h4 h5 27. f5 exf5 28. e6 fxe6 29. Rxe6 Qc5 30. Rg6 Qe5 31. Kg1 Bb8 32. Rg3 Rxf2 33. Nxf2 Qxg3 0-1

[Event "45th Olympiad 2024"]
[Site "Budapest HUN"]
[Date "2024.09.14"]
[Round "4.78"]
[Board "3"]
[White "Shaw, Clifford"]
[Black "Napoleao, Lourenco"]
[Result "0-1"]
[WhiteElo "1744"]
[BlackElo "1913"]
[PlyCount "102"]
[EventDate "2024.09.11"]
[WhiteTeam "Cayman Islands"]
[BlackTeam "Mozambique"]
[WhiteTeamCountry "CAY"]
[BlackTeamCountry "MOZ"]

1. e4 c5 2. d4 cxd4 3. c3 Nf6 4. e5 Nd5 5. Qxd4 e6 6. Nf3 Nc6 7. Qe4 f5 8. Qe2 Qc7 ({RR} 8... a6 9. g3 b5 10. Bg2 Bb7 11. O-O Be7 12. Ne1 O-O 13. Nd3 Na5 14. Nd2 Rc8 15. Nb3 Nc4 16. Re1 Qb6 17. Nf4 Nxf4 18. Bxf4 Bxg2 19. Kxg2 a5 20. a3 b4 21. axb4 axb4 22. Nd4 Qb7+ 23. Kg1 {½-½ Rogers,I (2588)-Smirin,I (2671) Monarch Assurance 13th 2004 (6)}) 9. Na3 $146 ({RR} 9. h4 b6 10. g3 Bb7 11. Bg2 Ncb4 12. c4 b5 13. Na3 bxc4 14. Nxc4 Nb6 15. b3 Nxc4 16. bxc4 Ba6 17. Bf1 Qa5 18. Qd2 Nc2+ 19. Kd1 Qxd2+ 20. Nxd2 Nxa1 21. Bb2 Bc5 22. Rh2 Bb4 23. Bxa1 Rc8 {0-1 Doncevic,D (2321)-Volke,K (2463) Baden-Baden tt 1999 (3)}) ({RR} 9. c4 Bb4+ 10. Bd2 Nf4 11. Qe3 Bxd2+ 12. Nbxd2 Ng6 13. O-O-O Ngxe5 14. Kb1 O-O 15. Nxe5 Nxe5 16. f4 Ng4 17. Qg3 b6 18. h3 Nf6 19. Be2 Bb7 20. Bf3 Ne4 21. Bxe4 fxe4 22. Rhe1 Qxf4 23. Qc3 Rac8 {0-1 Jakobeit,D (2210)-Kantans,T (2500) Titled Tue 11th Jul Late 2023 (2)}) ({RR} 9. Bd2 Nde7 10. Na3 Ng6 11. Nb5 Qb8 12. O-O-O a6 13. Nd6+ Bxd6 14. exd6 Qxd6 15. Be3 Qe7 16. h4 O-O 17. h5 Nh8 18. h6 g6 19. Bg5 Qc5 20. Qd2 d5 21. Kb1 Nf7 22. Bf4 Qe7 23. c4 Rd8 {0-1 Colovic,Z (2129)-Nestorovic,D (2404) SRB Central-ch op-A 5th 2012 (1)}) ({RR} 9. a4 Nde7 10. Na3 Ng6 11. Nc4 b6 12. b4 Bb7 13. Bg5 Nd8 14. Bxd8 Rxd8 15. Qe3 Bd5 16. Nfd2 Be7 17. h4 O-O 18. h5 f4 19. Qd4 Nh4 20. Rxh4 Bxh4 21. Nd6 Qc6 22. Bb5 Qa8 23. g4 Be7 {1-0 Hidalgo Santana,F (2193)-Castaner Harster,X (2138) Santa Cruz de Tenerife Primavera op 2015 (3)}) 9... Bxa3 10. bxa3 Nxc3 11. Qc4 Ne4 12. Bd3 Qa5+ 13. Ke2 Nxe5 14. Nxe5 Qxe5 15. Be3 d5 16. Qb5+ Bd7 17. Qb4 a5 18. Qd4 Qxd4 19. Bxd4 Nf6 20. Rab1 Bc6 21. g3 O-O 22. Kd2 Ne4+ 23. Ke3 Rae8 24. f4 Nf6 25. Kd2 Nd7 26. Rhe1 g6 27. Re2 Re7 28. Kc3 Rfe8 29. Rbe1 Kf7 30. Kd2 Nf6 31. Bc5 Rd7 32. Bd4 Ne4+ 33. Ke3 Nf6 34. Kd2 a4 35. Rc1 Ra8 36. Rce1 Ne4+ 37. Ke3 Ra5 38. Bb6 d4+ 39. Bxd4 Rad5 40. Bxe4 Rxd4 41. Bxc6 bxc6 42. Kf3 Rd3+ 43. Re3 Kf6 44. Rc1 R7d6 45. Rc4 R3d4 46. Rc5 Rd2 47. Rc4 Rxh2 48. Rxa4 h6 49. Ra8 g5 50. Rb3 g4+ 51. Ke3 Rdd2 0-1

[Event "45th Olympiad 2024"]
[Site "Budapest HUN"]
[Date "2024.09.14"]
[Round "4.78"]
[Board "4"]
[White "Farisse, Joao"]
[Black "Tracey, Shaun M"]
[Result "1/2-1/2"]
[WhiteElo "1851"]
[BlackElo "1684"]
[PlyCount "80"]
[EventDate "2024.09.11"]
[WhiteTeam "Mozambique"]
[BlackTeam "Cayman Islands"]
[WhiteTeamCountry "MOZ"]
[BlackTeamCountry "CAY"]

1. c4 e6 2. d4 f5 3. Nc3 Nf6 4. g3 d5 5. Bg2 c6 6. Nf3 Bd6 7. Qc2 O-O 8. c5 $146 ({RR} 8. Bf4 Bxf4 9. gxf4 Ne4 10. e3 Nxc3 11. Qxc3 Nd7 12. h4 Nf6 13. Ne5 Bd7 14. h5 h6 15. Bf3 Be8 16. O-O-O Rc8 17. Kb1 Ne4 18. Qc2 Kh8 19. Rc1 Qe7 20. Ka1 Bf7 21. Bxe4 fxe4 22. cxd5 exd5 {½-½ Portisch,L (2610)-Dolmatov,S (2565) Madrid rapid 1988 (2)}) ({RR} 8. Bg5 Qe8 9. Bxf6 Rxf6 10. Ne5 Nd7 11. f4 Rf8 12. e3 Nf6 13. cxd5 exd5 14. O-O-O Ne4 15. Nxe4 fxe4 16. h3 Be6 17. g4 c5 18. dxc5 Bxc5 19. Kb1 Bxe3 20. f5 Bf7 21. Nxf7 Qxf7 22. Qb3 Bh6 {0-1 Chemin,V (2150)-Harriott,T (1778) Titled Tue 24th Oct Late 2023 (3)}) ({RR} 8. Bf4 Bxf4 9. gxf4 dxc4 10. e3 Nd5 11. Ne5 b5 12. O-O Bb7 13. b3 {½-½ Levitt,J (2480)-Meister,P (2425) Augsburg 1989 (9)}) ({RR} 8. Bg5 dxc4 9. e4 fxe4 10. Nxe4 Bb4+ 11. Nc3 h6 12. Be3 Nd5 13. O-O Bxc3 14. bxc3 Qe8 15. Ne5 b5 16. Be4 Nf6 17. Bg6 Qd8 18. Qd2 Qc7 19. Bf4 Nd5 20. Qc2 Nxf4 21. gxf4 Rf6 22. Rae1 Bb7 {0-1 Wilke,M (1732)-Lenz,H (1967) Ruhrgebiet VK2 0910 2009 (7.6)}) 8... Bc7 9. b4 Ne4 10. h4 Nd7 11. Bf4 Ndf6 12. Ne5 a5 13. O-O axb4 14. Nxe4 dxe4 15. Rfd1 Nd5 16. Bg5 Qe8 17. f3 h6 18. Bc1 Bxe5 19. dxe5 exf3 20. exf3 Qe7 21. Rd4 Ra5 22. Rc4 Bd7 23. Bd2 Rfa8 24. Kh2 Rb5 25. Rb1 Raa5 26. f4 Ra7 27. Rb2 Be8 28. Qc1 Ra4 29. Qd1 Rba5 30. Bxd5 cxd5 31. Rcxb4 Bc6 32. Rxa4 Rxa4 33. Bb4 Qd7 34. Qd4 Qe8 35. a3 Qh5 36. Rf2 Kf7 37. Kg2 Qg4 38. Rd2 Ra8 39. Kf2 Qh3 40. Kf3 Qf1+ 1/2-1/2

[Event "45th Olympiad 2024"]
[Site "Budapest HUN"]
[Date "2024.09.14"]
[Round "4.80"]
[Board "1"]
[White "Murphy, Jones"]
[Black "Mompel Ferruz, Xavier"]
[Result "0-1"]
[WhiteElo "2021"]
[BlackElo "2273"]
[PlyCount "64"]
[EventDate "2024.09.11"]
[WhiteTeam "Dominica"]
[BlackTeam "Equatorial Guinea"]

1. e4 c5 2. c4 Nc6 3. Nc3 g6 4. g3 Bg7 5. Bg2 d6 6. d3 e6 7. Nge2 Nge7 8. Rb1 O-O 9. O-O b6 10. a3 Bb7 11. b4 Nd4 12. Bg5 ({RR} 12. f4 f5 13. Be3 Qd7 14. h3 Nec6 15. Kh2 Rae8 16. Qd2 Nxe2 17. Nxe2 e5 18. exf5 Rxf5 19. Nc3 exf4 20. Bxf4 Nd4 21. Rbe1 Rxe1 22. Qxe1 Be5 23. Bxb7 Qxb7 24. Nd5 Bxf4 25. Ne7+ Kf7 26. Nxf5 gxf5 {0-1 Kouskoutis,G (2295)-Gutkin,I (2245) Titled Tue 31st Jan Late 2023 (8)}) 12... Nxe2+ 13. Nxe2 f6 $146 ({RR} 13... h6 14. Be3 e5 15. bxc5 dxc5 16. Bxc5 Qd7 17. Be3 Rfd8 18. Rb3 Rac8 19. Qd2 Kh7 20. Rd1 Bc6 21. Nc3 Ba4 22. Nxa4 Qxa4 23. Rc3 Nc6 24. Kf1 Na5 25. Rdc1 Nb3 26. Qc2 Nc5 27. Ke2 Bf8 28. h4 {½-½ Lehmann,E (2035)-Ophoff,R (1918) MVP-ch Seniors op 16th 2016 (3.22)}) 14. Be3 Rc8 15. Qb3 f5 16. f3 Nc6 17. bxc5 dxc5 18. Bxc5 Na5 19. Bxb6 Qxb6+ 20. Qxb6 axb6 21. Rxb6 Bc6 22. Ra6 Nb3 23. Rb6 Nd4 24. Kf2 fxe4 25. dxe4 Bxe4 26. Ke3 Nxe2 27. Kxe2 Rxc4 28. Bh3 Bf5 29. Bxf5 exf5 30. Rd1 Rc2+ 31. Rd2 Rxd2+ 32. Kxd2 Ra8 0-1

[Event "45th Olympiad 2024"]
[Site "Budapest HUN"]
[Date "2024.09.14"]
[Round "4.80"]
[Board "3"]
[White "Francis, Nigel"]
[Black "Angel Estanislao Gatjens Capche"]
[Result "1/2-1/2"]
[WhiteElo "1775"]
[BlackElo "1849"]
[PlyCount "129"]
[EventDate "2024.09.11"]
[WhiteTeam "Dominica"]
[BlackTeam "Equatorial Guinea"]

1. e4 c6 2. d4 d5 3. e5 c5 4. dxc5 Nc6 5. f4 e6 6. Nf3 ({RR} 6. Be3 d4 7. Bf2 Bxc5 8. Nd2 Nge7 9. a3 Nd5 10. Ne4 Be7 11. Qd2 Qb6 12. O-O-O Nc3 13. Qxc3 dxc3 14. Bxb6 cxb2+ 15. Kxb2 axb6 16. Nd6+ Kf8 17. Nf3 Bd7 18. Bb5 Bxd6 19. exd6 f6 20. Rhe1 Kf7 {1-0 Saric,I (2692)-Zelcic,R (2508) Zagreb Peace 2018 (2)}) 6... Bxc5 7. a3 ({RR} 7. Bd3 Nge7 8. a3 a6 9. Qe2 Nd4 10. Nxd4 Bxd4 11. c3 Bb6 12. Nd2 O-O 13. Nf3 f5 14. Be3 g6 15. O-O-O Bxe3+ 16. Qxe3 Bd7 17. h3 Qe8 18. g4 Kh8 19. Nd4 b5 20. gxf5 gxf5 21. Rhg1 Qf7 {1-0 Leftheriotis,A (2028)-Theodoridis,C (1835) 44th White Tower Open A 2024 (3.4)}) 7... a5 8. Nc3 Nh6 $146 ({RR} 8... Nge7 9. Bd3 Qb6 10. Na4 Bf2+ 11. Ke2 Qa7 12. Rf1 Bb6 13. Nxb6 Qxb6 14. Be3 Qd8 15. Kf2 Nf5 16. Qe2 h6 17. c3 Bd7 18. Kg1 Nxe3 19. Qxe3 Qb8 20. g4 Qa7 21. Nd4 Nxd4 22. cxd4 g6 23. Rac1 {0-1 Krstic,S (1993)-Kerr,G (1850) Wch Seniors 65 28th 2018 (10)}) 9. Na4 Ba7 10. c3 Ng4 11. Nd4 h5 12. Be2 Bd7 13. Bxg4 Qh4+ 14. g3 Qxg4 15. Nb5 Qxd1+ 16. Kxd1 Bb8 17. Nd6+ Ke7 18. Nxb7 Ba7 19. Nac5 Rhb8 20. b4 Bc8 21. Nd6 Bb6 22. Na4 Bc7 23. Nxc8+ Rxc8 24. Be3 axb4 25. Bc5+ Ke8 26. axb4 Rcb8 27. Kd2 f6 28. exf6 gxf6 29. Rhe1 Kf7 30. Nb2 Rxa1 31. Rxa1 d4 32. Nc4 dxc3+ 33. Kxc3 Rc8 34. Bd6 Bd8 35. Bc5 Rb8 36. Ra6 Ne7 37. Ra7 Ke8 38. Nd6+ Kf8 39. Kc4 Kg8 40. Nb7 Nc6 41. Ra6 Nxb4 42. Bxb4 Rxb7 43. Ra8 Kf7 44. Rxd8 Rc7+ 45. Bc5 Rb7 46. Rh8 Kg6 47. Re8 Kf5 48. Rh8 Kg6 49. Bd4 Rc7+ 50. Kd3 Rd7 51. Ke4 Rc7 52. Rf8 e5 53. fxe5 fxe5 54. Bxe5 Rc4+ 55. Bd4 Rc2 56. Rf2 Rc6 57. h4 Re6+ 58. Be5 Ra6 59. Rf5 Ra4+ 60. Bd4 Rxd4+ 61. Ke5 Rd5+ 62. Kxd5 Kxf5 63. Kd4 Kg4 64. Ke3 Kxg3 65. Ke2 1/2-1/2

[Event "45th Olympiad 2024"]
[Site "Budapest HUN"]
[Date "2024.09.14"]
[Round "4.80"]
[Board "4"]
[White "Pedro Manuel Envo Engonga Avomo"]
[Black "Auguiste, Lyndon"]
[Result "0-1"]
[WhiteElo "1702"]
[BlackElo "1697"]
[PlyCount "192"]
[EventDate "2024.09.11"]
[WhiteTeam "Equatorial Guinea"]
[BlackTeam "Dominica"]

1. e4 d5 2. exd5 Qxd5 3. Nf3 Bg4 4. Be2 e6 5. d4 Nc6 6. c4 ({RR} 6. h3 Bh5 7. O-O O-O-O {½-½ Manca,F (2424)-Varga,Z (2451) Budapest FS05 GM 2012 (6)}) 6... Qa5+ ({RR} 6... Qd7 7. O-O O-O-O 8. Be3 Nf6 9. Nc3 Bxf3 10. Bxf3 Nxd4 11. Bxd4 Qxd4 12. Qb3 Qb6 13. Qc2 Be7 14. b4 Qd4 15. Nb5 Qb6 16. Rab1 a6 17. a4 axb5 18. axb5 Kb8 19. Qa4 Qa7 20. Qb3 Qb6 21. Ra1 {0-1 Cooklev,S (2014)-Veiga,J (2397) Titled Tue 25th Jul Late 2023 (2)}) 7. Nc3 Bb4 8. a3 $146 ({RR} 8. O-O Bxc3 9. bxc3 Nge7 10. Rb1 b6 11. Rb5 Qxa2 12. d5 Rd8 13. Rb2 Qa5 14. Nd4 Bxe2 15. Qxe2 Nxd4 16. cxd4 Qa6 17. dxe6 O-O 18. Ra2 Qb7 19. Rd1 Kh8 20. d5 fxe6 21. Qxe6 Nf5 22. Ba3 Nd6 {½-½ Pepin,C (2048)-Desjardins,M (1898) Gatineau Nez rouge A 2006 (3)}) ({RR} 8. O-O O-O-O 9. Be3 Nge7 10. Nb5 a6 11. a3 Bxf3 12. Bxf3 axb5 13. axb4 Qxb4 14. d5 Nb8 15. Ra8 e5 16. Ba7 Kd7 17. c5 Ng6 18. d6 c6 19. Bg4+ {1-0 Kapnisis,S (2480)-Iordanidou,Z (2143) Rethymno op 4th 2012 (9)}) ({RR} 8. O-O O-O-O 9. Be3 Bxc3 10. bxc3 Nf6 11. Qb3 Ne4 12. Rac1 f5 13. c5 Rhe8 14. Bb5 Bxf3 15. gxf3 Nf6 16. Bg5 a6 17. Bc4 h6 18. Bxf6 gxf6 19. Bxe6+ Kb8 20. Rb1 Qb5 21. Qxb5 axb5 22. Bxf5 Ne7 {1-0 Polok,K (2299)-Golenia,W (1914) Dobczyce Dominik Memorial 25th 2017 (3)}) 8... Bxf3 9. Bxf3 Bxc3+ 10. bxc3 Qxc3+ 11. Bd2 Qxd4 12. O-O Nge7 13. Qb3 O-O 14. Be3 Qh4 15. Qxb7 Rab8 16. Qxc7 Rfc8 17. Qd7 Ne5 18. Qd1 a5 19. c5 Nxf3+ 20. Qxf3 Nd5 21. Rab1 Qa4 22. Qg3 Rxb1 23. Rxb1 Qxa3 24. h3 Nxe3 25. Qxe3 Qxe3 26. fxe3 Kf8 27. Rb5 a4 28. Ra5 a3 29. Kf2 a2 30. Kf3 Rxc5 31. Rxa2 Ke7 32. Rd2 h5 33. Rd4 f5 34. Rf4 Rc1 35. Kg3 g5 36. Rd4 h4+ 37. Kf2 Kf6 38. Rd8 Rc7 39. Rf8+ Rf7 40. Rg8 Rg7 41. Rf8+ Ke5 42. Rh8 f4 43. Rh6 Rf7 44. Rh5 Rg7 45. Kf3 fxe3 46. Kxe3 Kf5 47. Rh8 Rb7 48. Rf8+ Ke5 49. Rg8 Rb3+ 50. Kf2 Rg3 51. Rh8 Ke4 52. Rh7 Rd3 53. Ke2 Re3+ 54. Kf2 Ra3 55. Rf7 Ra2+ 56. Kf1 Ra5 57. Ke2 e5 58. Rf8 Ra2+ 59. Kf1 Rc2 60. Rf7 Rc5 61. Kf2 Kd4 62. Rd7+ Rd5 63. Re7 e4 64. Ke2 Ra5 65. Rd7+ Ke5 66. Rf7 Ra2+ 67. Ke3 Rxg2 68. Re7+ Kd5 69. Rd7+ Ke6 70. Rd4 Rg3+ 71. Kxe4 Rxh3 72. Rd8 Rg3 73. Rh8 Kf6 74. Rh6+ Kg7 75. Rh5 Kg6 76. Rh8 h3 77. Ke5 Ra3 78. Ke4 g4 79. Kf4 Ra4+ 80. Kg3 Kf6 81. Rh5 Rd4 82. Rh8 Ke5 83. Rh5+ Kd6 84. Rg5 Re4 85. Rh5 Re5 86. Rh6+ Re6 87. Rh5 Rg6 88. Ra5 Ke6 89. Rh5 Kf6 90. Ra5 Rh6 91. Ra2 h2 92. Rxh2 Rxh2 93. Kxh2 Ke5 94. Kg2 Kf4 95. Kf1 Kf3 96. Kg1 Kg3 0-1